Las limitaciones del soberano

Uloženo v:
Podrobná bibliografie
Hlavní autor: Abril, Ernesto (Autor)
Médium: Kniha
Jazyk:španělština
Vydáno: Ciudad de México Fontamara 1998
Vydání:1a. ed
Edice:Colección Biblioteca de Etica, Filosofía del Derecho y Política, 54
Témata:
Tagy: Přidat tag
Žádné tagy, Buďte první, kdo vytvoří štítek k tomuto záznamu!

MARC

LEADER 00000cam a2200000 a 4500
001 UCQ3996
003 CL-VaPUC
008 980829e19980000MX |||||||||||||||||spa|d
020 |a 9684762917 
082 0 4 |a 320.5  |b ABR  |2 21 
100 0 |a Abril, Ernesto  |e author  |9 418208 
245 1 4 |a Las limitaciones del soberano 
250 |a 1a. ed 
300 |a 196 p 
942 |c BK 
945 |d 19980829 00:00:00  |a aarredon 
260 |a Ciudad de México  |b Fontamara  |c 1998 
650 7 |a FILOSOFIA POLITICA  |2 CL-VaPUC  |9 418209 
650 0 |a Política  |9 255312 
650 7 |a LIMITACIONES  |2 CL-VaPUC  |9 384501 
583 |a last modification  |c 20160615 04:39:13  |k Rodrigo Vera 
490 0 |a Colección Biblioteca de Etica, Filosofía del Derecho y Política, 54 
999 |c 274501  |d 274499 
952 |0 0  |1 0  |4 0  |6 320_500000000000000_ABR_1998  |7 0  |8 DER_TF  |9 310683  |a BIBDER  |b BIBDER  |d 2019-11-20  |i 3458806  |l 1  |o 320.5 ABR 1998  |p 3458806  |r 2023-01-25  |s 2020-03-16  |w 2019-11-20  |x Ubicación 4to Piso  |y BK  |z Estos recursos deben solicitarse con anticipación  |k DER 
952 |0 0  |1 0  |3 erb  |4 0  |6 320_500000000000000_ABR_1998  |7 0  |8 A  |9 310684  |a FDOHBE  |b FDOHBE  |e Huesbe Llanos, Marco Antonio, 1934-  |i 5310199  |o 320.5 ABR 1998  |p 5310199  |r 2024-01-30  |w 2019-11-20  |y BK  |z Catalogado en:20160616  |k HBE